Box Art Pokémon - Statistics

General Stats
  • This quiz has been taken 57 times
    7 since last reset
  • The average score is 25 of 37
Answer Stats
Game Cover Pokémon % Correct
Blue Blastoise
100%
Red, FireRed Charizard
100%
Let's Go Eevee Eevee
100%
Silver, SoulSilver Lugia
100%
Yellow, Let's Go Pikachu, Legends: Arceus, Legends: Z-A Pikachu
100%
Legends: Z-A Pikachu
100%
LeafGreen Venusaur
100%
Diamond, BrilliantDiamond Dialga
86%
Ruby, OmegaRuby Groudon
86%
Sapphire, AlphaSaphhire Kyogre
86%
Pearl, ShiningPearl Palkia
86%
Y Yveltal
86%
Platinum Giratina
71%
Gold, HeartGold Ho-Oh
71%
Scarlet Koraidon
71%
Black 2, White 2 Kyurem
71%
Moon Lunala
71%
Violet Miraidon
71%
Emerald Rayquaza
71%
Black Reshiram
71%
Sun Solgaleo
71%
Crystal Suicune
71%
X Xerneas
71%
Sword Zacian
71%
Shield Zamazenta
71%
White Zekrom
71%
Ultra Sun, Ultra Moon Necrozma
57%
Legends: Z-A Chikorita
43%
Legends: Arceus Cyndaquil
43%
Legends: Arceus Oshawott
43%
Legends: Z-A Tepig
43%
Legends: Z-A Totodile
43%
Legends: Arceus Rowlet
29%
Legends: Arceus Bidoof
14%
Legends: Arceus Rhyhorn
14%
Legends: Arceus Lucario
0%
Legends: Z-A Mega Lucario
0%
No matching quizzes found
Score Distribution
Percent of People with Each Score
Percentile by Number Answered
Your Score History
You have not taken this quiz since the last reset